Medical law and ethics / (Record no. 4245)
| 000 -LEADER | |
|---|---|
| fixed length control field | 01426cam a2200325 i 4500 |
| 001 - CONTROL NUMBER | |
| control field | 20377931 |
| 003 - CONTROL NUMBER IDENTIFIER | |
| control field | OSt |
| 005 - DATE AND TIME OF LATEST TRANSACTION | |
| control field | 20201019113828.0 |
| 008 - FIXED-LENGTH DATA ELEMENTS--GENERAL INFORMATION | |
| fixed length control field | 180226s2018 enk b 001 0 eng |
| 010 ## - LIBRARY OF CONGRESS CONTROL NUMBER | |
| LC control number | 2018936018 |
| 020 ## - INTERNATIONAL STANDARD BOOK NUMBER | |
| International Standard Book Number | 9780198810605 (pbk.) |
| 040 ## - CATALOGING SOURCE | |
| Original cataloging agency | DLC |
| Language of cataloging | eng |
| Description conventions | rda |
| Transcribing agency | DLC |
| 042 ## - AUTHENTICATION CODE | |
| Authentication code | pcc |
| 043 ## - GEOGRAPHIC AREA CODE | |
| Geographic area code | e-uk--- |
| 050 00 - LIBRARY OF CONGRESS CALL NUMBER | |
| Classification number | K301.H47 2018 |
| 100 1# - MAIN ENTRY--PERSONAL NAME | |
| Personal name | Herring, Jonathan, |
| Relator term | author. |
| 245 10 - TITLE STATEMENT | |
| Title | Medical law and ethics / |
| Statement of responsibility, etc | Jonathan Herring, Professor of Law, Exeter College, University of Oxford. |
| 250 ## - EDITION STATEMENT | |
| Edition statement | Seventh edition. |
| 260 ## - PUBLICATION, DISTRIBUTION, ETC. (IMPRINT) | |
| Place of publication, distribution, etc | London |
| Name of publisher, distributor, etc | Oxford University Press |
| Date of publication, distribution, etc | 2018 |
| 300 ## - PHYSICAL DESCRIPTION | |
| Extent | xxxvi, 641 pages ; |
| Dimensions | 25 cm |
| 504 ## - BIBLIOGRAPHY, ETC. NOTE | |
| Bibliography, etc | Includes bibliographical references and index. |
| 505 0# - FORMATTED CONTENTS NOTE | |
| Formatted contents note | 1. Ethics and medical law -- 2. The structure of the National Health Service and the rationing of healthcare resources -- 3. Medical negligence -- 4. Consent to treatment -- 5. Confidentiality -- 6. Contraception, abortion, and pregnancy -- 7. Reproduction -- 8. Organ donation and the ownership of body parts -- 9. Dying and death -- 10. Mental health law. |
| 650 #0 - SUBJECT ADDED ENTRY--TOPICAL TERM | |
| Topical term or geographic name as entry element | Medical laws and legislation. |
| 650 #0 - SUBJECT ADDED ENTRY--TOPICAL TERM | |
| Topical term or geographic name as entry element | Medical ethics. |
| 650 #0 - SUBJECT ADDED ENTRY--TOPICAL TERM | |
| Topical term or geographic name as entry element | Medical laws and legislation |
| Geographic subdivision | Great Britain. |
| 650 #0 - SUBJECT ADDED ENTRY--TOPICAL TERM | |
| Topical term or geographic name as entry element | Medical ethics |
| Geographic subdivision | Great Britain. |
| 906 ## - LOCAL DATA ELEMENT F, LDF (RLIN) | |
| a | 7 |
| b | cbc |
| c | origcop |
| d | 2 |
| e | epcn |
| f | 20 |
| g | y-gencatlg |
| 942 ## - ADDED ENTRY ELEMENTS (KOHA) | |
| Source of classification or shelving scheme | |
| Koha item type | Book |
| Withdrawn status | Lost status | Source of classification or shelving scheme | Damaged status | Not for loan | Home library | Current library | Shelving location | Date acquired | Total Checkouts | Full call number | Barcode | Date last seen | Date checked out | Copy number | Price effective from | Koha item type | Total Renewals |
|---|---|---|---|---|---|---|---|---|---|---|---|---|---|---|---|---|---|
| Riara University Library | Riara University Library | General stack | 19/10/2020 | 3 | K301.H47 2018 | 10451/20 | 09/05/2022 | 22/04/2022 | C.1 | 19/10/2020 | Book | ||||||
| Riara University Library | Riara University Library | General stack | 19/10/2020 | 4 | K301.H47 2018 | 10452/20 | 01/02/2023 | 19/01/2023 | C.2 | 19/10/2020 | Book | ||||||
| Riara University Library | Riara University Library | General stack | 19/10/2020 | 1 | K301.H47 2018 | 10453/20 | 24/02/2021 | 25/01/2021 | C.3 | 19/10/2020 | Book | 1 |
